000 00369nam a2200157Ia 4500
008 230524s9999 xx 000 0 und d
082 _a621.3824
_bBAL
100 _aC.A.Balanis
245 0 _aAntenna Theroy
250 _a2ND
260 _aNEW DELHI
_bJohn Wiley
_c2004
300 _aXVI;931
500 _aQuantity Number: 82
650 _aElectronics
942 _cBK
999 _c31948
_d31948